Largest Cities in South America - Statistics

General Stats
  • This quiz has been taken 1,444 times
  • The average score is 14 of 20
Answer Stats
Number Population Country City % Correct
1 13,080,026 Argentina Buenos Aires
98%
4 7,342,569 Colombia Bogota
97%
3 8,000,111 Peru Lima
97%
6 5,196,846 Chile Santiago
96%
2 10,381,400 Brazil Sao Paulo
96%
15 1,966,463 Venezuela Caracas
93%
5 6,255,971 Brazil Rio De Janeiro
93%
20 1,650,034 Ecuador Quito
89%
10 2,551,909 Brazil Brasilia
85%
12 2,352,491 Colombia Medellin
72%
11 2,534,455 Brazil Belo Horizonte
66%
14 2,222,724 Colombia Cali
58%
7 2,999,725 Brazil Salvador
58%
17 1,865,277 Brazil Manaus
54%
13 2,286,302 Ecuador Guayaquil
51%
9 2,558,558 Brazil Fortaleza
50%
8 2,634,251 Venezuela Maracaibo
41%
16 1,896,743 Brazil Curitiba
38%
19 1,685,884 Bolivia Santa Cruz
34%
18 1,853,117 Venezuela Valencia
21%
No matching quizzes found
Score Distribution
Percent of People with Each Score
Percentile by Number Answered
Your Score History
You have not taken this quiz